Obra dispersa (Record no. 36213)

MARC details
000 -LEADER
campo de control de longitud fija 00698nam a2200193 i 4500
001 - NÚMERO DE CONTROL
campo de control 36213
003 - IDENTIFICADOR DE NÚMERO DE CONTROL
campo de control ES-MaACL
005 - FECHA Y HORA DE LA ÚLTIMA TRANSACCIÓN
campo de control 20230911063134.0
007 - CAMPO FIJO DE DESCRIPCIÓN FÍSICA--INFORMACIÓN GENERAL
campo de control de longitud fija t|
008 - DATOS DE LONGITUD FIJA--INFORMACIÓN GENERAL
campo de control de longitud fija 030217s1965 sp ||||1| spa d
100 1# - ENTRADA PRINCIPAL--NOMBRE DE PERSONA
Nombre de persona Bretón de los Herreros, Manuel,
Fechas asociadas al nombre 1796-1873
9 (RLIN) 31637
245 10 - MENCIÓN DEL TÍTULO
Título Obra dispersa
Resto del título : el correo literario mercantil /
Mención de responsabilidad, etc. Manuel Bretón de los Herreros ; edición y estudio de J. M. Díez Taboada, J. M. Rozas.
260 ## - PUBLICACIÓN, DISTRIBUCIÓN, ETC.
Lugar de publicación, distribución, etc. Logroño :
Nombre del editor, distribuidor, etc. Instituto de Estudios Riojanos,
Fecha de publicación, distribución, etc. 1965.
300 ## - DESCRIPCIÓN FÍSICA
Extensión 510 p. ;
Dimensiones 24 cm.
700 1# - ENTRADA AGREGADA--NOMBRE PERSONAL
Nombre de persona Díez Taboada, Juan María.
9 (RLIN) 44772
700 1# - ENTRADA AGREGADA--NOMBRE PERSONAL
Nombre de persona Rozas, Juan Manuel.
9 (RLIN) 100249
852 ## - LOCALIZACIÓN
Ubicación ES-MaACL
Número de control de estantería C-28710
Sublocalización o colección R.58181
Holdings
Estatus retirado Estado de pérdida Estado de daño No para préstamo Biblioteca de origen Biblioteca actual Ubicación en estantería Fecha de adquisición Fuente de adquisición Total de préstamos Signatura topográfica completa Código de barras Visto por última vez Precio de reemplazo Tipo de ítem Koha
        Biblioteca del Ateneo de Madrid Biblioteca del Ateneo de Madrid Depósito 2 17/01/2008     C-28710 1038010 23/02/2023 23/02/2023 Libro impreso